000 00429nam a2200145 a 4500
001 000028052
005 20200930031317.0
008 110406s1944 dr 000 0 spa d
040 _aDO-SdBNP
_bspa
_cBNPHU
100 1 _aPrats Ramírez, Francisco
_952032
245 1 0 _aPresencia y ausencia de la Argentina /
_cFrancisco Ramírez Prats.
260 _aSanto Domingo :
_b[s. n.],
_c1944.
300 _a23 p. ;
_c21 cm.
049 _aBNPD
999 _c27544
_d27544